000 00460nam a2200181Ia 4500
001 1601
005 20260306143740.0
008 260306t2011||||xx |||||||||||||| ||spa||
041 _aESP
082 _a153.35
_bG14
100 _aGalván, Liliana
_eAUT
245 0 _aCreatividad para el cambio:
_bInnovación para la vida y la empresa
260 _c2011
300 _a164 páginas :
_c22.5 cm.
650 _aGEN
654 _aCPS
942 _cLIB
_dJUS
_fJUS
_2ddc
_n
999 _c1601
_d1601